MY FIRST BOOK OF THE COSMOS / (Record no. 185220)

MARC details
000 -LEADER
fixed length control field 02202nam a2200349 i 4500
003 - CONTROL NUMBER IDENTIFIER
control field OSt
005 - DATE AND TIME OF LATEST TRANSACTION
control field 20211013163306.0
008 - FIXED-LENGTH DATA ELEMENTS--GENERAL INFORMATION
fixed length control field 211005t20202020enka jr 000 1 eng d
020 ## - INTERNATIONAL STANDARD BOOK NUMBER
International Standard Book Number 9781787080768
Terms of availability RM 85.84
Qualifying information hardback
040 ## - CATALOGING SOURCE
Original cataloging agency PPAK
Language of cataloging eng
Transcribing agency PPAK
Description conventions rda
082 04 - DEWEY DECIMAL CLASSIFICATION NUMBER
Classification number 520
Edition number 23
090 ## - LOCALLY ASSIGNED LC-TYPE CALL NUMBER (OCLC); LOCAL CALL NUMBER (RLIN)
Classification number (OCLC) (R) ; Classification number, CALL (RLIN) (NR) 520
Feature heading FER
Feature heading K
100 1# - MAIN ENTRY--PERSONAL NAME
Personal name Ferrón, Sheddad Kaid-Sala,
Relator term author.
245 00 - TITLE STATEMENT
Title MY FIRST BOOK OF THE COSMOS /
Statement of responsibility, etc. SHEDDAD KAID-SALAH FERRÓN & EDUARD ALTARRIBA.
264 #1 - PRODUCTION, PUBLICATION, DISTRIBUTION, MANUFACTURE, AND COPYRIGHT NOTICE
Place of production, publication, distribution, manufacture Lewes, East Sussex, United Kingdom :
Name of producer, publisher, distributor, manufacturer Button Books,
Date of production, publication, distribution, manufacture, or copyright notice 2020
Date of production, publication, distribution, manufacture, or copyright notice ©2020
300 ## - PHYSICAL DESCRIPTION
Extent 55 pages :
Other physical details colour illustrations ;
Dimensions 26 cm
336 ## - CONTENT TYPE
Content type term text
Source rdacontent
Content type term still image
Source rdacontent
337 ## - MEDIA TYPE
Media type term unmediated
Source rdamedia
338 ## - CARRIER TYPE
Carrier type term volume
Source rdacarrier
490 #1 - SERIES STATEMENT
Series statement My first book of the ...
505 ## - FORMATTED CONTENTS NOTE
Title Introduction
-- Gravity
-- Newton's Gravity
-- Einstein's Gravity -- Gravitational Lenses -- How it all began : the Big Bang -- Galaxies -- The size of the Universe -- How is a star born? Types of stars -- The life of a star -- The sun -- How does a star die? -- Is there life beyond Earth? -- Exoplanets -- Escape velocity -- Black holes -- Cosmic background radiation -- The mystery of dark matter -- The cosmic web -- The universe is expanding -- Dark energy -- Gravitational waves -- Wormholes -- What shape is the universe? -- The observable universe -- The cosmic calendar.
520 ## - SUMMARY, ETC.
Summary, etc. Have you ever found yourself wondering about wormholes, wanting to know what a black hole is, how stars are made, or even how to travel in time? Explore the many wonders of the Cosmos and learn more about the origin, evolution, and order of the Universe with this entertaining and information-packed book. One of the most complex areas of science is presented in a fun and lively way, using highly attractive and absorbing illustrations to explain the basic principles and concepts of the fascinating subject.
521 ## - TARGET AUDIENCE NOTE
Target audience note Junior primary school age.
650 10 - SUBJECT ADDED ENTRY--TOPICAL TERM
Topical term or geographic name entry element Astronomy
Form subdivision Juvenile literature.
Topical term or geographic name entry element Cosmology
Form subdivision Juvenile literature.
Topical term or geographic name entry element Outer space
Form subdivision Juvenile literature.
700 1# - ADDED ENTRY--PERSONAL NAME
Personal name Altarriba, Eduard,
Relator term author.
830 #0 - SERIES ADDED ENTRY--UNIFORM TITLE
Uniform title My first book of the...
942 ## - ADDED ENTRY ELEMENTS (KOHA)
Source of classification or shelving scheme Dewey Decimal Classification
Koha item type Book
Holdings
Withdrawn Not for loan Current library Shelving location Date acquired Total Checkouts Total Renewals Full call number Barcode Date last seen Date last checked out Koha item type
    Perpustakaan Alor Setar Pinjaman Kanak-kanak 04/01/2022 8 1 K 520 FER A01716962 25/11/2025 16/11/2025 Book
    Perpustakaan Awam Sungai Petani Pinjaman Kanak-kanak 04/01/2022 9 2 K 520 FER A01716963 05/10/2025 17/09/2025 Book
    Perpustakaan Jitra Pinjaman Kanak-kanak 04/01/2022 5 2 K 520 FER A01716964 17/05/2026 10/05/2026 Book
    Perpustakaan Kulim Pinjaman Kanak-kanak 04/01/2022 9 1 K 520 FER A01716965 28/04/2025 07/04/2025 Book